ជ្រូកស៊ូនឹងខ្លា / (Record no. 1187)

MARC details
000 -LEADER
fixed length control field 01923nam a22002897a 4500
005 - DATE AND TIME OF LATEST TRANSACTION
control field 20251111135414.0
020 ## - INTERNATIONAL STANDARD BOOK NUMBER
International Standard Book Number FISBK03795
040 ## - CATALOGING SOURCE
Original cataloging agency FISKH
Language of cataloging eng
Transcribing agency FISKH
Modifying agency FISKH
082 ## - DEWEY DECIMAL CLASSIFICATION NUMBER
Classification number 591.7
100 ## - MAIN ENTRY--PERSONAL NAME
Personal name Anonymous
245 ## - TITLE STATEMENT
Title ជ្រូកស៊ូនឹងខ្លា /
260 ## - PUBLICATION, DISTRIBUTION, ETC.
Place of publication, distribution, etc. Phnom Penh :
Name of publisher, distributor, etc. Opsok,
Date of publication, distribution, etc. 2015.
300 ## - PHYSICAL DESCRIPTION
Extent 12 pages :
Other physical details color illustrations ;
Dimensions 21 cm
490 ## - SERIES STATEMENT
Series statement និទានអប់រំសម្រាប់កុមារ
505 ## - FORMATTED CONTENTS NOTE
Formatted contents note O
520 ## - SUMMARY, ETC.
Summary, etc. ជ្រូកព្រៃមួយក្បាលដែលជាប់ក្នុងអន្លង់ត្រូវបានជួយសង្រ្គោះដោយបុរសជាងឈើម្នាក់ ហើយក៏បានត្រឡប់ទៅរស់នៅជួបជុំគ្រួសាររបស់វាវិញ។ មានសត្វខ្លាកំណាចមួយក្បាលតែងតែមកយារយីហ្វូងជ្រូកព្រៃទាំងអស់នោះ ក្រោយមកពួកវាក៏បានរៀបចំអន្ទាក់ ហើយបានប្រយុទ្ធជាមួយនឹងខ្លានោះហើយបានសម្លាប់វាស្លាប់បាត់ទៅ។
520 ## - SUMMARY, ETC.
Summary, etc. A wild boar trapped in a ditch was rescued by a carpenter and returned to live with his family. A ferocious tiger always came to harass the herd of wild boars, then they set up a trap and fought with the tiger and killed it.
521 ## - TARGET AUDIENCE NOTE
Target audience note 670 <br/>
Source Lexile estimate <br/>
521 ## - TARGET AUDIENCE NOTE
Target audience note O <br/>
Source Raz-Plus <br/>
650 ## - SUBJECT ADDED ENTRY--TOPICAL TERM
Topical term or geographic name entry element ខ្លាឃ្មុំ
Form subdivision ជួយសង្រ្គោះ
General subdivision ប្រយុទ្ធ
650 ## - SUBJECT ADDED ENTRY--TOPICAL TERM
Topical term or geographic name entry element Boar
Form subdivision Rescued
General subdivision Fighting
650 ## - SUBJECT ADDED ENTRY--TOPICAL TERM
Topical term or geographic name entry element ខ្លា
Form subdivision ប្រមាញ់​
650 ## - SUBJECT ADDED ENTRY--TOPICAL TERM
Topical term or geographic name entry element Tiger
Form subdivision Hunting
700 ## - ADDED ENTRY--PERSONAL NAME
Personal name Phearum
Titles and other words associated with a name illustrator
942 ## - ADDED ENTRY ELEMENTS (KOHA)
Source of classification or shelving scheme Dewey Decimal Classification
Koha item type Books
Suppress in OPAC No
999 ## -
-- 1187
-- 1187
Holdings
Withdrawn status Lost status Source of classification or shelving scheme Damaged status Not for loan Collection Home library Current library Shelving location Date acquired Total Checkouts Full call number Barcode Date last seen Date last checked out Copy number Price effective from Koha item type
    Dewey Decimal Classification     Khmer Language Books / សៀវភៅភាសាខ្មែរ Footprints International School Library Network Toul Kork Campus Footprints International School Library Network Toul Kork Campus TK Campus, Room B402, Khmer Book Case 16, Shelves 112-123 / ទូរសៀវភៅខ្មែរលេខ ១៦​ ធ្នើរ ១១២ ដល់ ១២៣ បន្ទប់ B402 សាខាទួលគោក 08/07/2023 1 PHE 591.7 2023-0200 06/09/2025 12/03/2024 1 08/07/2023 Books
    Dewey Decimal Classification     Khmer Language Books / សៀវភៅភាសាខ្មែរ Footprints International School Library Network Toul Kork Campus Footprints International School Library Network Toul Kork Campus TTP Primary Khmer Bookshelves 08/07/2023   ANO 591.7 FIS04207 09/17/2024   2 08/07/2023 Books
    Dewey Decimal Classification     Khmer Language Books / សៀវភៅភាសាខ្មែរ Footprints International School Library Network Toul Kork Campus Footprints International School Library Network Toul Kork Campus TTP Primary Khmer Bookshelves 08/07/2023 1 ANO 591.7 2024-1979 03/19/2026 07/15/2025 3 08/07/2023 Books
    Dewey Decimal Classification     Khmer Language Books / សៀវភៅភាសាខ្មែរ Footprints International School Library Network Toul Kork Campus Footprints International School Library Network Toul Tom Poung Campus TTP Primary Khmer Bookshelves 08/07/2023 1 ANO 591.7 FIS04259 10/24/2025 10/17/2025 4 08/07/2023 Books
    Dewey Decimal Classification     Khmer Language Books / សៀវភៅភាសាខ្មែរ Footprints International School Library Network Toul Tom Poung Campus Footprints International School Library Network Toul Tom Poung Campus TTP Primary Khmer Bookshelves 11/10/2025   ANO 591.7 FIS04467 11/10/2025   5 11/10/2025 Books